000 00904 a2200205 4500
001 58512
005 20260407155841.0
008 260407a1957 arg spa d
003 AR-UNSa-BCEJYS
040 _aAR-UNSa-BCEJYS
_bspa
_cAR-UNSa-BCEJYS
080 _a336.22
_xImpuestos
245 1 0 _aCurso de impuestos
264 1 _aBuenos Aires :
_bLiceo Profesional Cima
_c1957
300 _a7 v.
_c25 cm.
505 _aVol. I: Doctrina, Ejercicios de aplicación, Problemas y soluciones -- Vol. II: Doctrina, Ejercicios de aplicación, Problemas y soluciones -- Vol. III: Beneficios extraordinarios -- Vol. IV: Impuesto sustitutivo del gravamen a la transmisión gratuita de bienes -- Vol. V: Problemas -- Vol. VI: Soluciones -- Vol. VII: Indice temático-alfabético -- Vol VII/I: Actualizaciones
041 _aspa
942 _cBK
590 _aniveau_biblio:m niveau_hierar:0
100 1 _aJarach, Dino
999 _c6436
_d6436